10 größte Städte Tschechien - Statistiken

Allgemein
  • Dieses Quiz wurde 33 mal gespielt
  • Das Durchschnittsergebnis liegt bei 6 aus 10
Antwortstatistiken
Einwohner Antwort % Korrekt
1.301.000 Prag
100%
174.000 Pilsen
90%
399.000 Brünn
83%
282.000 Ostrava
57%
106.000 Olmütz
53%
96.000 Budweis
40%
104.000 Liberec
40%
90.000 Pardubice
40%
90.000 Ústí nad Labem
37%
93.000 Hradec Králové
27%
Keine übereinstimmenden Quizze gefunden
Verteilung der Resultate
Anzahl Personen mit jedem Resultat
Perzentil nach korrekt beantworteten Fragen
Ihre Resultats-Entwicklung
Sie haben dieses Quiz noch nicht gespielt